000
00314nam a22001457a 4500
008
230706b ||||| |||| 00| 0 eng d
020
_a
9780618966813
041
_a
eng
080
_2
FIFTH EDITION
_a
51
082
_a
51AUF
100
_a
23
101
_a
MATE
245
_a
PREALGEBRA
_c
AUFMANN
942
_2
udc
_c
BK
999
_c
60098
_d
60098